[Event "Ancona Ascoli Province-ch"]
[Site "Porto Sant Elpidio"]
[Date "2016.01.31"]
[Round "5"]
[White "Pocognoli, Gianfranco"]
[Black "Agostinelli, Michele"]
[Result "1-0"]
[WhiteElo "1694"]
[BlackElo "1558"]
[PlyCount "71"]
[EventDate "2016.01.29"]
[EventType "swiss"]
[EventRounds "5"]
[EventCountry "ITA"]
[SourceTitle "EXT 2018"]
[Source "ChessBase"]
[SourceDate "2017.10.13"]
[SourceVersion "1"]
[SourceVersionDate "2017.10.13"]
[SourceQuality "1"]

1. d4 d5 2. e3 Nf6 3. f4 e6 4. Nf3 c5 5. c3 c4 6. g3 b5 7. Bg2 Bb7 8. Nbd2 Nc6 9. Qe2 a5 10. Ne5 b4 11. Nxc6 Bxc6 12. Nxc4 Bb5 13. Nd6+ Bxd6 14. Qxb5+ Nd7 15. Qd3 0-0 16. Bd2 Nb6 17. b3 a4 18. 0-0 bxc3 19. Bxc3 Qe7 20. Bb2 Ra7 21. Rfc1 Ba3 22. Bxa3 Qxa3 23. Qb5 axb3 24. Qxb3 Qd6 25. Bf1 f6 26. Qb5 Rb8 27. Rc6 Qa3 28. Rxe6 Kf7 29. Rxb6 Qxe3+ 30. Kh1 Qe4+ 31. Bg2 Rxb6 32. Qxb6 Qe7 33. Bxd5+ Kg6 34. Qe6 Qb4 35. Be4+ Kh6 36. Qh3# 1-0